000 00617nam a2200181Ia 4500
003 GCL
008 140319s9999 xx 000 0 ara d
040 _aGCL /
_cGCL
082 0 4 _a412
_bص م
100 1 _aصبرى ابراهيم السيد
245 1 0 _aالمصطلح العربى: الاصل والمجال الدلالى /
_cصبرى ابراهيم السيد
300 _aمتعدد
490 _aكتاب
_v0
650 0 4 _aاللغة العربية - الالفاظ
650 0 4 _aاللغة العربية - الاشتقاق
650 0 4 _aاللغة العربية - المصطلحات
942 _2ddc
_cBK
999 _c41771
_d41771